000 01770cam a2200397 a 4500
001 16314662
005 20170105102904.0
008 100702s2011 nyua b 001 0 eng
010 _a 2010028508
020 _a9780230108745
020 _a0230108741
035 _a(OCoLC)ocn646309656
040 _aDLC
_cDLC
_dYDX
_dYDXCP
_dBWX
_dCDX
_dDLC
050 0 0 _aJZ4059
_b.G37 2011
082 0 0 _a321.8
_222
100 1 _aGardner, Anne-Marie.
245 1 0 _aDemocratic governance and non-state actors /
_cAnne-Marie Gardner.
250 _a1st ed.
260 _aNew York :
_bPalgrave Macmillan,
_c2011.
300 _axii, 194 p. :
_bill. ;
_c22 cm.
504 _aIncludes bibliographical references and index.
505 0 _aSetting standards in the modern world -- Democratic governance and self-determination -- Kosovo : "standards before status" and beyond -- Nagorno-Karabakh : balancing standards? -- Western Sahara : deserted standards?
650 0 _aNon-state actors (International relations)
650 0 _aNon-state actors (International relations)
_vCase studies.
650 0 _aMinorities
_xPolitical activity.
650 0 _aMinorities
_xPolitical activity
_vCase studies.
650 0 _aAutonomy
_vCase studies.
650 0 _aDemocracy
_vCase studies.
650 0 _aSelf-determination, National
_vCase studies.
856 4 2 _3Contributor biographical information
_uhttp://www.loc.gov/catdir/enhancements/fy1113/2010028508-b.html
856 4 2 _3Publisher description
_uhttp://www.loc.gov/catdir/enhancements/fy1113/2010028508-d.html
856 4 1 _3Table of contents only
_uhttp://www.loc.gov/catdir/enhancements/fy1113/2010028508-t.html
906 _a7
_bcbc
_corignew
_d1
_eecip
_f20
_gy-gencatlg
942 _2ddc
_cBK
999 _c14803
_d14803